[Event "SVK-chT2D 1617"]
[Site "Slovakia"]
[Date "2016.12.03"]
[Round "5.8"]
[White "Hanzely, Vladimir"]
[Black "Stromp, Julius"]
[Result "0-1"]
[WhiteElo "1692"]
[BlackElo "1981"]
[PlyCount "68"]
[EventDate "2016.10.08"]
[EventType "team-tourn"]
[EventRounds "11"]
[EventCountry "SVK"]
[SourceTitle "EXT 2018"]
[Source "ChessBase"]
[SourceDate "2017.10.13"]
[SourceVersion "1"]
[SourceVersionDate "2017.10.13"]
[SourceQuality "1"]
[WhiteTeam "Poprad LS VD"]
[BlackTeam "Spisska Nova Ves"]
[WhiteTeamCountry "SVK"]
[BlackTeamCountry "SVK"]

1. e4 e5 2. Nf3 Nc6 3. Bb5 Nf6 4. d3 d6 5. h3 Bd7 6. Nc3 a6 7. Ba4 Be7 8. a3 0-0 9. 0-0 b5 10. Bb3 Na5 11. Ba2 c5 12. b4 Nc6 13. bxc5 dxc5 14. Bb2 Qc7 15. Nd5 Nxd5 16. Bxd5 Bf6 17. Nh2 Rad8 18. Ng4 Bxg4 19. Qxg4 Ne7 20. Ba2 Ng6 21. g3 Ne7 22. f4 Qd6 23. Rac1 c4 24. dxc4 bxc4 25. Kh1 c3 26. Bxc3 Qxa3 27. Bb3 Qc5 28. Rf3 g6 29. Rcf1 h5 30. Qh4 Bxh4 31. gxh4 exf4 32. Bf6 Rd7 33. Rxf4 Qe3 34. R1f3 Rd1+ 0-1